LA NUEVA POLITICA IMPERIALISTA. LA POLITICA DE LA COMISION TRILATERAL /

Sparad:
Bibliografiska uppgifter
Huvudupphov: Martínez Bangoa, Javier (autor)
Materialtyp: Bok
Serie:DOCUMENTO DE TRABAJO ; 11
Ämnen:
Taggar: Lägg till en tagg
Inga taggar, Lägg till första taggen!

MARC

LEADER 00000nam^a2200000^a^4500
001 000236055
005 20250521000000.0
009 20260310104835.805
035 |a 059590 
037 |a Acervo Xavier Clavigero 
082 |a 325. 32  |b MAR 
100 |a Martínez Bangoa, Javier  |e (autor) 
245 1 3 |a LA NUEVA POLITICA IMPERIALISTA. LA POLITICA DE LA COMISION TRILATERAL /  |c JAVIER MARTINEZ BENGOA 
264 |a MEXICO :  |b SEPLA,  |c 1978 
300 |a 23 p. 
336 |a texto  |b txt  |2 rdacontenido 
337 |a sin mediación  |b n  |2 rdamedio 
338 |a volumen  |b nc  |2 rdasoporte 
440 |a DOCUMENTO DE TRABAJO ;  |v 11 
649 |a XX 
650 |a Imperialismo 
910 |a Fondo General 
920 |a Impresos - Libros 
930 |a Colección General 
905 |a 101 
901 |a 059590  |b IT1  |c ACC  |i 059590  |u 20250521 
902 |a https://opac.biblio.iteso.mx/vufind/Record/000236055